Sprostredkovanie poistenia v európskom kontexte

Slovenská asociácia sprostredkovateľov v poisťovníctve od začiatku svojej existencie nadviazala kontakt s Európskou federáciou sprostredkovateľov v poisťovníctve - BIPAR. Úlohy a ciele BIPAR. Súčasný stav sprostredkovateľskej činnosti v poisťovníctve v rámci EÚ.

Salvato in:
Dettagli Bibliografici
Autore principale: Jaroš, Roland
Natura: Capitolo di libro
Lingua:slovacco
Soggetti:
Tags: Aggiungi Tag
Nessun Tag, puoi essere il primo ad aggiungerne!!

MARC

LEADER 00000naa$a2200000$$$4500
001 0041866
005 20231107122219.2
041 0 |a slo 
044 |a SK 
245 1 0 |a Sprostredkovanie poistenia v európskom kontexte  |c Roland Jaroš 
520 |a Slovenská asociácia sprostredkovateľov v poisťovníctve od začiatku svojej existencie nadviazala kontakt s Európskou federáciou sprostredkovateľov v poisťovníctve - BIPAR. Úlohy a ciele BIPAR. Súčasný stav sprostredkovateľskej činnosti v poisťovníctve v rámci EÚ. 
610 2 0 |a poistenie 
610 2 0 |a sprostredkovatelia 
610 2 0 |a Európska únia 
610 2 0 |a združenia 
100 1 |a Jaroš, Roland